Raised floors : performance in use (Record no. 14245)

MARC details
000 -LEADER
fixed length control field 00810cab a2200193 4500
001 - CONTROL NUMBER
control field ABS40071
008 - FIXED-LENGTH DATA ELEMENTS--GENERAL INFORMATION
fixed length control field 090401t1988 xxu||||| |||| 00| 0 eng d
035 ## - SYSTEM CONTROL NUMBER
System control number (Sirsi) u21224
041 ## - LANGUAGE CODE
Language code of text/sound track or separate title eng
100 ## - MAIN ENTRY--PERSONAL NAME
Personal name Hodgkinson, R.
245 ## - TITLE STATEMENT
Title Raised floors : performance in use
260 ## - PUBLICATION, DISTRIBUTION, ETC.
Date of publication, distribution, etc. 1988
350 ## - PRICE (NR) (BK AM CF MU VM SE) [OBSOLETE]
Price 0
490 ## - SERIES STATEMENT
Series statement Facilities
Volume/sequential designation 6(11) November 1988, 11-17(7)
520 ## - SUMMARY, ETC.
Summary, etc. A recent report, commissioned by Vigers and carried out by the Building Performance Unit at Liverpool Polytechnic , has collected extensive evidence of defects in raised floors . This article provides advice to managers who wish to extend the life cycle of raised floors in their care and in doing so reduce the scale of defects in use.
690 ## - LOCAL SUBJECT ADDED ENTRY--TOPICAL TERM (OCLC, RLIN)
Topical term or geographic name as entry element BUILT ENVIRONMENT-BUILDING PATHOLOGY
942 ## - ADDED ENTRY ELEMENTS (KOHA)
Suppress in OPAC 0
948 ## - LOCAL PROCESSING INFORMATION (OCLC); SERIES PART DESIGNATOR (RLIN)
c (OCLC) 04/03/1997
Holdings
Withdrawn status Lost status Source of classification or shelving scheme Damaged status Not for loan Home library Current library Shelving location Date acquired Total Checkouts Full call number Barcode Date last seen Copy number Price effective from Koha item type
    Dewey Decimal Classification     London London Journal article 14/09/1999   ABS40071 21224-1001 06/08/2019 1 06/08/2019 Journal article